000 00860nas a22002417a 4500
005 20150722150729.0
008 140627b ck x pdr||||a00| 0 spa d
022 _a00066184
040 _aCO-BoIAVH
_cCO-BoIAVH
041 _aspa
044 _ack
245 0 0 _aBoletín cultural y bibliográfico BLAA
_cBanco de la República. Biblioteca Luis Angel Arango.
260 _aBogotá
_bBiblioteca Luis Angel Arango.
_c1958 -
300 _c24 cm.
310 _a0
321 _a0
650 4 _aBibliografía
_vBibliografías
_xPublicaciones seriadas
651 4 _aBogotá (Colombia)
_zPublicaciones seriadas.
651 4 _aColombia
_zPublicaciones seriadas.
710 2 _aBiblioteca Luis Ángel Arango (Bogotá)
856 _uhttp://publicaciones.banrepcultural.org/index.php/boletin_cultural/issue/archive
942 _2z
_cREVISTA
_s1
999 _c8478
_d8478